Normal view
MARC view
- Chaya M P
Entry Personal Name
001 - CONTROL NUMBER
- control field: 5007
003 - CONTROL NUMBER IDENTIFIER
- control field: OSt
005 - DATE AND TIME OF LATEST TRANSACTION
- control field: 20180118125040.0
008 - FIXED-LENGTH DATA ELEMENTS
- fixed length control field: 180118|| aca||aabn | a|a d
040 ## - CATALOGING SOURCE
- Original cataloging agency: OSt
- Transcribing agency: OSt
100 ## - HEADING--PERSONAL NAME
- Personal name: Chaya M P
670 ## - SOURCE DATA FOUND
- Source citation: Work cat.: (OSt): Chaya M P, Environment Studies, 2005